|
|
|
|
| LEADER |
00000nab a2200000u 4500 |
| 001 |
vtls011842238 |
| 003 |
SK-MaSNL |
| 005 |
20260304224032.0 |
| 008 |
190221|2019 xo ||||||| ||00 ||slo| |
| 038 |
|
|
|a KEVKJB
|
| 040 |
|
|
|a KEVKJB
|b slo
|e rda
|
| 041 |
0 |
|
|a slo
|
| 043 |
|
|
|a e-xo---
|
| 044 |
|
|
|a xo
|c SK
|
| 072 |
|
7 |
|a 364-1/-7
|x Druhy sociálnej pomoci a služieb
|2 konspekt
|
| 080 |
|
|
|a 364-78-027.556
|2 2011
|
| 100 |
1 |
|
|a Almášiová, Monika
|4 ivr
|9 1086573
|
| 245 |
1 |
0 |
|a Ocenená Danka Arvaiová: Dobrovoľníctvo musí byť robené zo srdca, nie pre obdiv
|c Monika Almášiová
|
| 300 |
|
|
|b Fotografie
|
| 336 |
|
|
|a text
|b txt
|2 rdacontent
|
| 337 |
|
|
|a bez média
|b n
|2 rdamedia
|
| 338 |
|
|
|a zväzok
|b nc
|2 rdacarrier
|
| 610 |
2 |
7 |
|a Európske hlavné mesto dobrovoľníctva 2019
|2 kevkjb
|9 1251380
|
| 610 |
2 |
7 |
|a Dobrovoľnícke centrum Košického kraja (Košice, Slovensko)
|2 kevkjb
|9 1235248
|
| 648 |
|
7 |
|a 2019
|2 kevkjb
|9 350886
|
| 650 |
0 |
7 |
|a dobrovoľníctvo
|2 kevkjb
|9 17055
|
| 650 |
0 |
7 |
|a ceny a vyznamenania
|2 kevkjb
|9 73045
|
| 650 |
0 |
7 |
|a útulky pre zvieratá
|2 kevkjb
|9 644455
|
| 651 |
|
7 |
|a Košice (Slovensko)
|2 kevkjb
|9 18694
|
| 655 |
|
7 |
|a rozhovory
|2 kevkjb
|9 31831
|
| 700 |
1 |
|
|a Arvaiová, Danka
|4 ive
|9 1558739
|
| 773 |
0 |
|
|t Košický večer
|g Roč. 52, č. 7 (2019), s. 3
|x 1336-5320
|
| 852 |
|
|
|a KEVKJB
|b KIS3GCP
|
| 856 |
4 |
1 |
|u https://kosice.korzar.sme.sk/c/22053033/v-malej-farme-zachranuje-zvierata-bojuje-s-nedostatkom-a-nezaujmom-ludi.html
|
| 999 |
|
|
|c 3170696
|d 3172626
|